Normal view MARC view
  • Dr. Parvez Akhter

Entry Personal Name

Number of records used in: 11

001 - CONTROL NUMBER

  • control field: 28950

003 - CONTROL NUMBER IDENTIFIER

  • control field: NUST

005 - DATE AND TIME OF LATEST TRANSACTION

  • control field: 20200313144152.0

008 - FIXED-LENGTH DATA ELEMENTS

  • fixed length control field: 200313|| aca||aabn | a|a d

040 ## - CATALOGING SOURCE

  • Original cataloging agency: NUST
  • Transcribing agency: NUST

100 ## - HEADING--PERSONAL NAME

  • Personal name: Dr. Parvez Akhter

670 ## - SOURCE DATA FOUND

  • Source citation: Work cat.: (NUST): Khan, Atif Naveed 28949, Use of renewable energy technologies for energy self sufficient community in remote areas-Pakistan /, 2016.
© 2023 Central Library, National University of Sciences and Technology. All Rights Reserved.